[Event "Xtracon GM"]
[Site "Borup"]
[Date "2009.09.10"]
[Round "5"]
[White "Knudsen, Ole Scott"]
[Black "Draeger, Michael"]
[Result "1-0"]
[WhiteElo "1982"]
[BlackElo "1850"]
[PlyCount "125"]
[EventDate "2009.09.04"]
[EventType "swiss"]
[EventRounds "9"]
[EventCountry "DEN"]
[Source "ChessBase"]
[SourceDate "2009.11.03"]

1. e4 e5 2. Nf3 Nf6 3. Nxe5 d6 4. Nf3 Nxe4 5. Nc3 Nxc3 6. dxc3 Be7 7. Be3 O-O
8. Bd3 Nd7 9. h3 Ne5 10. Nxe5 dxe5 11. Qh5 f5 12. Bc4+ Kh8 13. Bf7 f4 14. Bg6
h6 15. Rd1 Bd7 16. Bc1 Bf6 17. Be4 Qe8 18. Qxe8 Bxe8 19. Bxb7 Rb8 20. Be4 Bb5
21. b3 Rfd8 22. Rxd8+ Rxd8 23. a4 Be8 24. Ke2 Bh5+ 25. f3 Bf7 26. Rd1 g5 27.
Rxd8+ Bxd8 28. Ba3 Be8 29. Bc5 a5 30. Kd3 Kg7 31. Kc4 c6 32. b4 Bc7 33. bxa5
Bxa5 34. Bb4 Bb6 35. Bd6 Kf6 36. Kb4 Ke6 37. Bc5 Bd8 38. a5 Kd7 39. a6 Kc7 40.
Bd6+ Kb6 41. Bd3 Ka7 42. Bxe5 Be7+ 43. Kb3 Bf7+ 44. Bc4 Bxc4+ 45. Kxc4 Kxa6 46.
Kd4 Kb5 47. Ke4 Kc4 48. Bc7 h5 49. Kf5 c5 50. h4 g4 51. fxg4 f3 52. gxf3 hxg4
53. Kxg4 Kd5 54. f4 Ke6 55. f5+ Kf7 56. Be5 Kg8 57. f6 Bf8 58. c4 Kh7 59. Kf5
Kh6 60. Ke6 Kg6 61. Bd6 Bxd6 62. Kxd6 Kxf6 63. Kxc5 1-0

[Event "Xtracon GM"]
[Site "Borup"]
[Date "2009.09.10"]
[Round "5"]
[White "Kulaots, Kaido"]
[Black "Sulskis, Sarunas"]
[Result "1/2-1/2"]
[WhiteElo "2575"]
[BlackElo "2568"]
[PlyCount "96"]
[EventDate "2009.09.04"]
[EventType "swiss"]
[EventRounds "9"]
[EventCountry "DEN"]
[Source "ChessBase"]
[SourceDate "2009.11.03"]

1. d4 Nf6 2. Nf3 e6 3. c4 d5 4. Nc3 dxc4 5. e3 c5 6. Bxc4 a6 7. a4 Be7 8. O-O
Nc6 9. dxc5 Qxd1 10. Rxd1 Bxc5 11. Bd2 b6 12. Bd3 Bb7 13. Ne4 Be7 14. Bc3 O-O
15. Nxf6+ Bxf6 16. Be4 Rfd8 17. Bxf6 gxf6 18. Nd2 f5 19. Bf3 Na5 20. Bxb7 Nxb7
21. Nc4 b5 22. Nb6 Rab8 23. Nd7 Rbc8 24. axb5 axb5 25. h3 Nc5 26. Nxc5 Rxd1+
27. Rxd1 Rxc5 28. Rd8+ Kg7 29. Rb8 Rc1+ 30. Kh2 Rc2 31. Rxb5 Rxf2 32. Kg3 Rc2
33. Rb8 h5 34. b4 h4+ 35. Kf3 e5 36. g4 Kf6 37. gxf5 Kxf5 38. e4+ Kf6 39. Kg4
Rf2 40. Rb6+ Kg7 41. Kxh4 Rf4+ 42. Kg5 Rxe4 43. Kf5 Re1 44. Rb5 e4 45. Re5 e3
46. Kf4 e2 47. Kf3 Rb1 48. Rxe2 Rxb4 1/2-1/2

[Event "Xtracon GM"]
[Site "Borup"]
[Date "2009.09.10"]
[Round "5"]
[White "Larsen, Karsten"]
[Black "Bekker Jensen, Simon"]
[Result "0-1"]
[WhiteElo "2327"]
[BlackElo "2415"]
[PlyCount "88"]
[EventDate "2009.09.04"]
[EventType "swiss"]
[EventRounds "9"]
[EventCountry "DEN"]
[Source "ChessBase"]
[SourceDate "2009.11.03"]

1. e4 c5 2. Nf3 d6 3. Bb5+ Nd7 4. O-O Ngf6 5. Re1 a6 6. Bf1 e5 7. c3 b6 8. d4
Bb7 9. Nbd2 Be7 10. a4 O-O 11. b3 exd4 12. cxd4 d5 13. e5 Ne4 14. Bb2 cxd4 15.
Bxd4 Bb4 16. Re3 Ndc5 17. Rc1 Ne6 18. Nb1 Re8 19. Bb2 Bc5 20. Re2 d4 21. Nbd2
f5 22. exf6 Nxf6 23. b4 Bxb4 24. Qb3 Nd5 25. Rce1 Bxd2 26. Nxd2 Qd7 27. Nc4 Nc5
28. Nxb6 Nxb3 29. Nxd7 Rxe2 30. Rxe2 d3 31. Re1 d2 32. Rd1 Rc8 33. Ne5 Rc1 34.
Be2 a5 35. Nd3 Rc2 36. Bf3 Kf8 37. Be5 Nc3 38. Bxc3 Bxf3 39. gxf3 Rxc3 40. Nb2
Rc2 41. Nd3 Rc1 42. Nb2 Nc5 43. Kg2 Rc2 44. Rb1 Rc1 0-1

[Event "Xtracon GM"]
[Site "Borup"]
[Date "2009.09.10"]
[Round "5"]
[White "Meyer, Lars August"]
[Black "Ivanov, Mikhail M"]
[Result "1-0"]
[WhiteElo "2268"]
[BlackElo "2459"]
[PlyCount "69"]
[EventDate "2009.09.04"]
[EventType "swiss"]
[EventRounds "9"]
[EventCountry "DEN"]
[Source "ChessBase"]
[SourceDate "2009.11.03"]

1. d4 Nf6 2. c4 c5 3. d5 e6 4. Nc3 d6 5. Nf3 exd5 6. cxd5 g6 7. Nd2 Bg7 8. Nc4
O-O 9. Bf4 Ne8 10. Qd2 Nd7 11. Nxd6 Nxd6 12. Bxd6 Re8 13. e3 a6 14. Be2 b5 15.
O-O Bb7 16. Rfd1 Rc8 17. Bg3 h5 18. h3 Nb6 19. Qc2 Qd7 20. Bf3 Nc4 21. Rac1
Nxb2 22. Qxb2 b4 23. Qb3 Bxc3 24. Rxc3 bxc3 25. Qxc3 c4 26. e4 Ba8 27. Bf4 Kh7
28. Bd2 Qd6 29. Qe3 Re5 30. Qh6+ Kg8 31. Bc3 Rce8 32. Bxh5 Qe7 33. f4 Qh4 34.
Bxe5 Rxe5 35. fxe5 1-0

[Event "Xtracon GM"]
[Site "Borup"]
[Date "2009.09.10"]
[Round "5"]
[White "Miezis, Normunds"]
[Black "Skovgaard, Peter Nicolai"]
[Result "1-0"]
[WhiteElo "2558"]
[BlackElo "2256"]
[PlyCount "63"]
[EventDate "2009.09.04"]
[EventType "swiss"]
[EventRounds "9"]
[EventCountry "DEN"]
[Source "ChessBase"]
[SourceDate "2009.11.03"]

1. c4 e5 2. Nc3 Nf6 3. g3 Bb4 4. Bg2 O-O 5. Nf3 Re8 6. O-O e4 7. Nd4 Nc6 8. Nc2
Bxc3 9. dxc3 d6 10. Ne3 Re5 11. f3 exf3 12. exf3 Re8 13. g4 a5 14. b3 Nd7 15.
Nd5 a4 16. b4 Nce5 17. Qd4 c6 18. Ne3 c5 19. Qxd6 Ra6 20. Qd2 Qh4 21. h3 Rae6
22. f4 Nc6 23. Nf5 Qf6 24. b5 Re2 25. Qd1 Qxc3 26. bxc6 bxc6 27. Bf3 Re1 28.
Bd2 Rxf1+ 29. Kxf1 Qxc4+ 30. Kg2 Qa6 31. Bc3 Nf6 32. Nxg7 1-0

[Event "Xtracon GM"]
[Site "Borup"]
[Date "2009.09.10"]
[Round "5"]
[White "Pedersen, Jan Kaas"]
[Black "Bejtovic, Jasmin"]
[Result "0-1"]
[WhiteElo "2053"]
[BlackElo "2332"]
[PlyCount "50"]
[EventDate "2009.09.04"]
[EventType "swiss"]
[EventRounds "9"]
[EventCountry "DEN"]
[Source "ChessBase"]
[SourceDate "2009.11.03"]

1. d4 Nf6 2. Nf3 g6 3. Bg5 Bg7 4. Nbd2 O-O 5. e4 d5 6. e5 Ne4 7. Bh4 c5 8. c3
cxd4 9. cxd4 Nc6 10. Bd3 Bf5 11. Nb3 a5 12. O-O a4 13. Nc1 a3 14. Qb3 Bg4 15.
Rd1 Bxf3 16. Be2 Bxe2 17. Nxe2 axb2 18. Qxb2 g5 19. f3 gxh4 20. fxe4 dxe4 21.
Qxb7 Qc8 22. Qb3 Qg4 23. Kf1 Rab8 24. Qa3 Nb4 25. Rab1 Nd3 0-1

[Event "Xtracon GM"]
[Site "Borup"]
[Date "2009.09.10"]
[Round "5"]
[White "Petersen, Nils"]
[Black "Teplyi, Igor"]
[Result "0-1"]
[WhiteElo "2034"]
[BlackElo "2284"]
[PlyCount "104"]
[EventDate "2009.09.04"]
[EventType "swiss"]
[EventRounds "9"]
[EventCountry "DEN"]
[Source "ChessBase"]
[SourceDate "2009.11.03"]

1. c4 Nf6 2. Nc3 e5 3. Nf3 Nc6 4. a3 g6 5. e3 d6 6. d4 exd4 7. exd4 Bg7 8. Be2
O-O 9. h3 Bf5 10. O-O Re8 11. Be3 h6 12. Bd3 Ne7 13. Re1 a6 14. Nh4 Bxd3 15.
Qxd3 Rb8 16. b4 d5 17. c5 Ne4 18. Ne2 Nc6 19. Nf3 Qd7 20. Nd2 Ng5 21. Nf1 Ne6
22. Rad1 Ne7 23. Nfg3 h5 24. Nf4 Nxf4 25. Bxf4 h4 26. Nf1 Nc6 27. Rxe8+ Rxe8
28. Be3 Nd8 29. f3 Ne6 30. Nd2 Bxd4 31. Bxd4 Nf4 32. Qb1 Ne2+ 33. Kh1 Nxd4 34.
Qd3 Nf5 35. Ne4 Ng3+ 36. Kh2 Qf5 37. Nxg3 Qf4 38. Qxd5 hxg3+ 39. Kh1 Qe3 40.
Rf1 Qe1 41. Qd1 Qxd1 42. Rxd1 Re3 43. Ra1 f5 44. Kg1 f4 45. Kf1 Kf7 46. Rd1
Rxa3 47. Rd7+ Ke6 48. Rxc7 Ra1+ 49. Ke2 Ra2+ 50. Ke1 Rxg2 51. Rxb7 Rg1+ 52. Ke2
Rc1 0-1

[Event "Xtracon GM"]
[Site "Borup"]
[Date "2009.09.10"]
[Round "5"]
[White "Petrovski, Petruli"]
[Black "Andersen, Daniel"]
[Result "0-1"]
[WhiteElo "1843"]
[BlackElo "1953"]
[PlyCount "40"]
[EventDate "2009.09.04"]
[EventType "swiss"]
[EventRounds "9"]
[EventCountry "DEN"]
[Source "ChessBase"]
[SourceDate "2009.11.03"]

1. e4 e6 2. d4 d5 3. exd5 Qxd5 4. Nc3 Bb4 5. Nf3 Nf6 6. Bd3 O-O 7. O-O Bxc3 8.
bxc3 b6 9. Qe2 Bb7 10. Bg5 Nbd7 11. c4 Qa5 12. Ne5 c5 13. Nxd7 Nxd7 14. d5 exd5
15. Bd2 Qa4 16. cxd5 Rfe8 17. Qh5 Nf6 18. Qf5 Bxd5 19. Bc3 Qg4 20. Bxf6 Qxg2#
0-1

[Event "Xtracon GM"]
[Site "Borup"]
[Date "2009.09.10"]
[Round "5"]
[White "Preuss, Flemming"]
[Black "Lund, Silas"]
[Result "0-1"]
[WhiteElo "2063"]
[BlackElo "2392"]
[PlyCount "60"]
[EventDate "2009.09.04"]
[EventType "swiss"]
[EventRounds "9"]
[EventCountry "DEN"]
[Source "ChessBase"]
[SourceDate "2009.11.03"]

1. e4 e5 2. Nf3 Nc6 3. Nc3 Nf6 4. g3 Bc5 5. Bg2 d6 6. d3 h6 7. Na4 Bb4+ 8. c3
Ba5 9. b4 Bb6 10. Nxb6 axb6 11. O-O O-O 12. b5 Ne7 13. a4 Ng6 14. c4 Nd7 15. h4
f5 16. exf5 Rxf5 17. Bh3 Rf8 18. h5 Nh8 19. Nh4 Nf6 20. Bg2 Bg4 21. Bf3 Qd7 22.
Bxg4 Nxg4 23. f3 Nf6 24. g4 Rf7 25. Ra2 d5 26. Rd2 Qd6 27. Qb3 e4 28. dxe4 Qg3+
29. Ng2 Nxg4 30. Rff2 dxe4 0-1

[Event "Xtracon GM"]
[Site "Borup"]
[Date "2009.09.10"]
[Round "5"]
[White "Rendboe, John Filip"]
[Black "Andersen, Rune Egede"]
[Result "1-0"]
[WhiteElo "2246"]
[BlackElo "2026"]
[PlyCount "71"]
[EventDate "2009.09.04"]
[EventType "swiss"]
[EventRounds "9"]
[EventCountry "DEN"]
[Source "ChessBase"]
[SourceDate "2009.11.03"]

1. c4 e6 2. Nf3 Nf6 3. Nc3 d5 4. cxd5 exd5 5. d4 Bf5 6. Bg5 c6 7. e3 Qb6 8. Qc1
Nbd7 9. Be2 Bd6 10. O-O h6 11. Bh4 O-O 12. a3 Ne4 13. Nxe4 dxe4 14. Nd2 Qc7 15.
Bg3 Bxg3 16. hxg3 Rae8 17. b4 Nf6 18. b5 Re6 19. Qc5 Bg4 20. Bc4 b6 21. Qb4 Rd6
22. Rac1 Rfd8 23. Nb3 cxb5 24. Bxb5 Qb8 25. Nd2 Be6 26. Rc2 Nd5 27. Qb2 Bf5 28.
Nc4 Rf6 29. Ne5 Rc8 30. Rxc8+ Bxc8 31. Rc1 Rd6 32. Qc2 Bf5 33. g4 Bh7 34. Nd7
Rxd7 35. Bxd7 g5 36. Qc6 1-0

[Event "Xtracon GM"]
[Site "Borup"]
[Date "2009.09.10"]
[Round "5"]
[White "Schmidt, Horst Hubert"]
[Black "Eriksson, Christian Altenburg"]
[Result "0-1"]
[WhiteElo "1883"]
[BlackElo "2159"]
[PlyCount "98"]
[EventDate "2009.09.04"]
[EventType "swiss"]
[EventRounds "9"]
[EventCountry "DEN"]
[Source "ChessBase"]
[SourceDate "2009.11.03"]

1. d4 d5 2. Nf3 Nf6 3. c4 c6 4. e3 e6 5. Be2 dxc4 6. Bxc4 b5 7. Be2 Bb7 8. O-O
Nbd7 9. b3 a6 10. Bb2 Be7 11. Nc3 O-O 12. Rc1 c5 13. Ne5 cxd4 14. exd4 Nb6 15.
Bf3 Nbd5 16. Ne4 Nxe4 17. Bxe4 f5 18. Bxd5 Qxd5 19. f3 Rac8 20. Qd2 Rfd8 21.
Rxc8 Rxc8 22. Rc1 Rd8 23. Rc7 Bf6 24. f4 Bxe5 25. fxe5 f4 26. Qe2 Rc8 27. Rxc8+
Bxc8 28. Qh5 Bd7 29. Qe2 Bc6 30. Kf1 a5 31. Kg1 h6 32. Qf2 Qe4 33. Bc1 g5 34.
h3 a4 35. bxa4 bxa4 36. Ba3 Bd5 37. Kh2 Qb1 38. h4 Qxa2 39. Qxa2 Bxa2 40. Kh3
Kf7 41. hxg5 hxg5 42. Kg4 Kg6 43. g3 fxg3 44. Kxg3 Kf5 45. Bb2 Bb3 46. Ba3 Bd1
47. Bb2 Ke4 48. Kf2 Kd3 49. Ke1 Bh5 0-1

[Event "Xtracon GM"]
[Site "Borup"]
[Date "2009.09.10"]
[Round "5"]
[White "Semcesen, Daniel"]
[Black "Jacobsen, Bo"]
[Result "0-1"]
[WhiteElo "2465"]
[BlackElo "2321"]
[PlyCount "84"]
[EventDate "2009.09.04"]
[EventType "swiss"]
[EventRounds "9"]
[EventCountry "DEN"]
[Source "ChessBase"]
[SourceDate "2009.11.03"]

1. Nf3 Nf6 2. d4 g6 3. c4 Bg7 4. Nc3 O-O 5. e4 d6 6. h3 e5 7. d5 a5 8. Bg5 Na6
9. Nd2 Qe8 10. Be2 Nd7 11. g4 Ndc5 12. Rg1 Kh8 13. a3 a4 14. Qc2 f5 15. gxf5
gxf5 16. O-O-O fxe4 17. Ncxe4 Bf5 18. Be3 c6 19. Bg4 Bg6 20. h4 cxd5 21. cxd5
Rf7 22. h5 Rc7 23. hxg6 Nb3+ 24. Kb1 Rxc2 25. Kxc2 Nxd2 26. Rxd2 Qxg6 27. f3
Nc7 28. Bc8 Qh5 29. Nxd6 Rxc8 30. Nxc8 Qf5+ 31. Kd1 Qxf3+ 32. Re2 Nxd5 33. Bc1
e4 34. Nd6 Bd4 35. Rg5 Qf1+ 36. Re1 Qf3+ 37. Re2 Qf1+ 38. Re1 Qd3+ 39. Bd2 Qb1+
40. Ke2 Qd3+ 41. Kd1 Qb3+ 42. Ke2 Qf3# 0-1

[Event "Xtracon GM"]
[Site "Borup"]
[Date "2009.09.10"]
[Round "5"]
[White "Shoker, Samy"]
[Black "Gajic, Mladen"]
[Result "1-0"]
[WhiteElo "2488"]
[BlackElo "2263"]
[PlyCount "81"]
[EventDate "2009.09.04"]
[EventType "swiss"]
[EventRounds "9"]
[EventCountry "DEN"]
[Source "ChessBase"]
[SourceDate "2009.11.03"]

1. g3 d5 2. Bg2 Nf6 3. d3 Bf5 4. Nf3 c6 5. O-O h6 6. Nfd2 e6 7. e4 Bh7 8. Nc3
Be7 9. Qe2 O-O 10. f4 Nfd7 11. Kh1 Na6 12. g4 Nc7 13. Nf3 f5 14. gxf5 dxe4 15.
dxe4 exf5 16. exf5 Bf6 17. Ne4 Kh8 18. Ng3 Re8 19. Qf2 Nd5 20. c4 Nb4 21. Qd2
a5 22. a3 Na6 23. Rb1 a4 24. Qc2 Ndc5 25. Ne5 Qc7 26. Bd2 Nd7 27. Nxd7 Qxd7 28.
Rbd1 Qf7 29. Bf3 Red8 30. Be3 Rxd1 31. Rxd1 Bg8 32. Ne4 Qxc4 33. Qxc4 Bxc4 34.
Nxf6 gxf6 35. Rd7 b5 36. Bd4 Rf8 37. Rd6 Nc7 38. Bxf6+ Kg8 39. Be5 Rxf5 40.
Rg6+ Kf8 41. Bxc7 1-0

[Event "Xtracon GM"]
[Site "Borup"]
[Date "2009.09.10"]
[Round "5"]
[White "Skovle, Lars"]
[Black "Marshall, Michael"]
[Result "0-1"]
[WhiteElo "1661"]
[BlackElo "1904"]
[PlyCount "74"]
[EventDate "2009.09.04"]
[EventType "swiss"]
[EventRounds "9"]
[EventCountry "DEN"]
[Source "ChessBase"]
[SourceDate "2009.11.03"]

1. e4 c5 2. Nf3 e6 3. Nc3 Nc6 4. Bb5 Qc7 5. O-O Nf6 6. Re1 a6 7. Bf1 Be7 8. d4
cxd4 9. Nxd4 Nxd4 10. Qxd4 Bc5 11. Qd3 Ng4 12. e5 Nxf2 13. Qe2 Nd3+ 14. Be3
Nxe1 15. Rxe1 Qxe5 16. Qf3 O-O 17. Kh1 Bxe3 18. Rxe3 Qc7 19. Bd3 f5 20. Qh5 d5
21. Ne2 e5 22. c3 e4 23. Bc2 Be6 24. Nd4 Qf4 25. Qe2 Qe5 26. Bb3 Kh8 27. Qh5
Rf6 28. g3 Rh6 29. Qg5 Re8 30. Ba4 b5 31. Bb3 Rg6 32. Qh5 Rh6 33. Qg5 Rf6 34.
Qh5 Bf7 35. Qe2 g5 36. Qg2 f4 37. Qh3 fxe3 0-1

[Event "Xtracon GM"]
[Site "Borup"]
[Date "2009.09.10"]
[Round "5"]
[White "Smith, Axel"]
[Black "Flindt, Thomas"]
[Result "1-0"]
[WhiteElo "2415"]
[BlackElo "2166"]
[PlyCount "45"]
[EventDate "2009.09.04"]
[EventType "swiss"]
[EventRounds "9"]
[EventCountry "DEN"]
[Source "ChessBase"]
[SourceDate "2009.11.03"]

1. e4 d5 2. exd5 Qxd5 3. Nc3 Qa5 4. d4 e6 5. Nf3 Nf6 6. Bd2 c6 7. Ne4 Qc7 8.
Nxf6+ gxf6 9. Bd3 b6 10. c4 Bb7 11. O-O Nd7 12. Re1 O-O-O 13. b4 c5 14. bxc5
bxc5 15. Be4 Bxe4 16. Rxe4 cxd4 17. Nxd4 Nc5 18. Rh4 e5 19. Nb5 Qd7 20. Qf3 e4
21. Rxe4 Qxd2 22. Re7 Ne4 23. Nxa7+ 1-0

[Event "Xtracon GM"]
[Site "Borup"]
[Date "2009.09.10"]
[Round "5"]
[White "Sorensen, Dick"]
[Black "Akdag, Dara Sevkan"]
[Result "1/2-1/2"]
[WhiteElo "2006"]
[BlackElo "2188"]
[PlyCount "89"]
[EventDate "2009.09.04"]
[EventType "swiss"]
[EventRounds "9"]
[EventCountry "DEN"]
[Source "ChessBase"]
[SourceDate "2009.11.03"]

1. e4 c5 2. Nf3 d6 3. d4 cxd4 4. Nxd4 Nf6 5. Nc3 a6 6. Bd3 e6 7. O-O Be7 8. Be3
b5 9. f4 Bb7 10. Qf3 O-O 11. g4 Nfd7 12. Nce2 Qc7 13. Rae1 Nc5 14. Ng3 Nbd7 15.
g5 Rfe8 16. h4 Bf8 17. Re2 Rad8 18. h5 e5 19. Ndf5 d5 20. exd5 e4 21. Nxe4 Bxd5
22. Nfg3 Nxd3 23. cxd3 Bxa2 24. Rc1 Qb8 25. h6 g6 26. Bd4 Bd5 27. Qg4 Be7 28.
f5 Bd6 29. Bf6 Bxg3 30. Bxd8 Bxe4 31. Rxe4 Rxd8 32. fxg6 hxg6 33. Rd4 Bd6 34.
h7+ Kh8 35. Rd5 Bc5+ 36. Rcxc5 Nxc5 37. Qd4+ Kxh7 38. Rxd8 Qg3+ 39. Kf1 Qh3+
40. Ke2 Qh2+ 41. Kd1 Qh5+ 42. Ke1 Qh1+ 43. Ke2 Qh5+ 44. Kf1 Qh3+ 45. Kg1
1/2-1/2

[Event "Xtracon GM"]
[Site "Borup"]
[Date "2009.09.10"]
[Round "5"]
[White "Thomasson, Staffan"]
[Black "Pedersen, Hans Dahl"]
[Result "1/2-1/2"]
[WhiteElo "2015"]
[BlackElo "2210"]
[PlyCount "166"]
[EventDate "2009.09.04"]
[EventType "swiss"]
[EventRounds "9"]
[EventCountry "DEN"]
[Source "ChessBase"]
[SourceDate "2009.11.03"]

1. g3 d5 2. Bg2 Nf6 3. Nf3 c6 4. d3 Bg4 5. Nbd2 Nbd7 6. O-O e6 7. a3 a5 8. b3
Be7 9. Bb2 O-O 10. Rc1 Qb6 11. c4 Rfd8 12. Re1 Bh5 13. Qc2 Ng4 14. e3 Bf6 15.
h3 Bxb2 16. Qxb2 Ngf6 17. e4 Nc5 18. Ne5 dxe4 19. d4 Nd3 20. Nxd3 exd3 21. c5
Qc7 22. Nc4 Bg6 23. Nd6 Rxd6 24. cxd6 Qxd6 25. Rc4 Rd8 26. b4 a4 27. Qd2 Nd5
28. Be4 Nb6 29. Rc3 f5 30. Bxd3 Qxd4 31. Rxe6 Nd5 32. Rc4 Qa1+ 33. Qc1 Qxc1+
34. Rxc1 Bf7 35. Re5 g6 36. Bc4 Kg7 37. b5 Kf6 38. f4 g5 39. bxc6 bxc6 40. Bd3
Ne7 41. Bc4 Bxc4 42. Rxc4 Rd3 43. Rxa4 Rxg3+ 44. Kh2 gxf4 45. Rc5 Re3 46. Ra7
Re2+ 47. Kg1 f3 48. Rc3 Rg2+ 49. Kf1 Rg3 50. h4 Rg4 51. Rxf3 Rxh4 52. Rc3 h5
53. a4 Re4 54. a5 Kg5 55. Ra3 Nd5 56. Rg7+ Kf6 57. Rb7 Ne3+ 58. Kf2 Nc4 59. Ra2
Rf4+ 60. Ke2 Rg4 61. Ra1 Re4+ 62. Kd3 Ne5+ 63. Kc3 Re3+ 64. Kb4 Nd3+ 65. Kc4
Ne5+ 66. Kc5 Ke6 67. a6 Rc3+ 68. Kb6 Kd6 69. Rd1+ Nd3 70. Ka7 Ra3 71. Rh7 Ke5
72. Rb1 Nc5 73. Rb6 Ra5 74. Rxh5 Ke4 75. Rxc6 Rxa6+ 76. Rxa6 Nxa6 77. Kxa6 f4
78. Kb5 f3 79. Rh8 f2 80. Rf8 Ke3 81. Kc4 Ke2 82. Re8+ Kd2 83. Rf8 Ke2 1/2-1/2

[Event "Xtracon GM"]
[Site "Borup"]
[Date "2009.09.11"]
[Round "6"]
[White "Akdag, Dara Sevkan"]
[Black "Thomasson, Staffan"]
[Result "1-0"]
[WhiteElo "2188"]
[BlackElo "2015"]
[PlyCount "135"]
[EventDate "2009.09.04"]
[EventType "swiss"]
[EventRounds "9"]
[EventCountry "DEN"]
[Source "ChessBase"]
[SourceDate "2009.11.03"]

1. d4 g6 2. c4 Bg7 3. e4 Nc6 4. Be3 e5 5. Nf3 exd4 6. Nxd4 Qf6 7. Nxc6 Qxc6 8.
Qc2 Nf6 9. f3 d5 10. exd5 Nxd5 11. Qe4+ Qe6 12. Qxe6+ fxe6 13. Bc1 Ne3 14. Na3
Nxf1 15. Nb5 O-O 16. Nxc7 Rb8 17. Nb5 a6 18. Nc3 Nxh2 19. Rxh2 Be5 20. Rh1 b5
21. cxb5 axb5 22. Bh6 Rf5 23. O-O-O Ba6 24. Ne4 Rf7 25. Kb1 b4 26. Nc5 Bb5 27.
Nxe6 Ra7 28. Rhe1 Bf6 29. Re4 Ba4 30. Rd2 Bc6 31. Rf4 Be5 32. Rc4 Bd7 33. Nc5
Bf5+ 34. Ne4 Rba8 35. Rxb4 Rxa2 36. Rd5 Bf6 37. Rxf5 Ra1+ 38. Kc2 gxf5 39.
Nxf6+ Kf7 40. Nd5 Rc8+ 41. Kb3 Rd8 42. Ne3 Ra5 43. Bf4 Rc5 44. Rb7+ Kg6 45.
Rb6+ Kg7 46. Kb4 Rdc8 47. Rb5 R5c6 48. Nxf5+ Kf6 49. Ne3 Re6 50. g4 Rec6 51. b3
Re6 52. Nd5+ Kg6 53. Rc5 Rf8 54. Kb5 Rf7 55. b4 Rb7+ 56. Kc4 Re2 57. b5 Rf2 58.
Rc6+ Kf7 59. Rf6+ Ke8 60. Be5 Rc2+ 61. Bc3 Rc1 62. b6 Rd7 63. Rc6 Rb7 64. f4
Rh1 65. Kc5 Rh4 66. Re6+ Kf8 67. g5 Rh3 68. Be5 1-0

[Event "Xtracon GM"]
[Site "Borup"]
[Date "2009.09.11"]
[Round "6"]
[White "Andersen, Daniel"]
[Black "Hansen, Lars Henrik Bech"]
[Result "1/2-1/2"]
[WhiteElo "1953"]
[BlackElo "2096"]
[PlyCount "25"]
[EventDate "2009.09.04"]
[EventType "swiss"]
[EventRounds "9"]
[EventCountry "DEN"]
[Source "ChessBase"]
[SourceDate "2009.11.03"]

1. c4 Nf6 2. Nc3 g6 3. e4 d6 4. d4 Bg7 5. f3 O-O 6. Be3 e5 7. Nge2 exd4 8. Nxd4
Nc6 9. Be2 Bd7 10. Qd2 a6 11. O-O Rb8 12. Rfc1 Nh5 13. Nd5 1/2-1/2

[Event "Xtracon GM"]
[Site "Borup"]
[Date "2009.09.11"]
[Round "6"]
[White "Bejtovic, Jasmin"]
[Black "Bonnelykke, Ole"]
[Result "1-0"]
[WhiteElo "2332"]
[BlackElo "2118"]
[PlyCount "111"]
[EventDate "2009.09.04"]
[EventType "swiss"]
[EventRounds "9"]
[EventCountry "DEN"]
[Source "ChessBase"]
[SourceDate "2009.11.03"]

1. c4 e6 2. d4 Nf6 3. Nf3 b6 4. g3 Ba6 5. b3 d5 6. Bg2 dxc4 7. Ne5 Bb4+ 8. Kf1
Bd6 9. Nxc4 Nbd7 10. Nxd6+ cxd6 11. Ba3 d5 12. Bf3 Nf8 13. Kg2 Ng6 14. Nd2 Bb7
15. Rc1 Ne7 16. Qc2 Rc8 17. Qd3 Rxc1 18. Rxc1 Qd7 19. Qc2 O-O 20. Qc7 Rc8 21.
Qxd7 Nxd7 22. Rxc8+ Nxc8 23. e3 f5 24. Be2 a6 25. Nf3 h6 26. Ne1 Kf7 27. Nd3 g6
28. g4 Ne7 29. f4 a5 30. Nf2 Bc6 31. Bd6 fxg4 32. Nxg4 Nf5 33. Bc7 h5 34. Ne5+
Nxe5 35. fxe5 b5 36. Bxa5 Nxe3+ 37. Kf2 Nf5 38. Bb6 Kg7 39. Bd1 Kh6 40. a4 bxa4
41. bxa4 g5 42. a5 g4 43. Be2 Kg5 44. Ba6 Kf4 45. Bc8 Ke4 46. Bxe6 Nxd4 47. Bf7
Kxe5 48. Bxh5 Ne6 49. Bxg4 Ng5 50. h4 Ne4+ 51. Ke3 Be8 52. a6 Kd6 53. a7 Bc6
54. Bd4 Nc5 55. Bxc5+ Kxc5 56. h5 1-0

[Event "Xtracon GM"]
[Site "Borup"]
[Date "2009.09.11"]
[Round "6"]
[White "Bekker Jensen, Simon"]
[Black "Shoker, Samy"]
[Result "0-1"]
[WhiteElo "2415"]
[BlackElo "2488"]
[PlyCount "124"]
[EventDate "2009.09.04"]
[EventType "swiss"]
[EventRounds "9"]
[EventCountry "DEN"]
[Source "ChessBase"]
[SourceDate "2009.11.03"]

1. d4 g6 2. c4 Bg7 3. e4 d6 4. Nc3 c6 5. Be2 a6 6. Bg5 b5 7. cxb5 axb5 8. b4
Nf6 9. Nf3 h6 10. Bf4 g5 11. Bd2 d5 12. e5 Ne4 13. Bd3 Bf5 14. Qc2 e6 15. Nxe4
dxe4 16. Bxe4 g4 17. Bxf5 exf5 18. Ng1 Qxd4 19. Bc3 Qc4 20. Ne2 Bxe5 21. O-O
O-O 22. Rac1 Bxc3 23. Nxc3 Qe6 24. f3 Na6 25. a3 Nc7 26. Rfe1 Qg6 27. fxg4 fxg4
28. Qxg6+ fxg6 29. Re7 Rf7 30. Rxf7 Kxf7 31. Ne4 Rxa3 32. Rxc6 Nd5 33. Nd6+ Kg7
34. Nxb5 Ra1+ 35. Kf2 Ra2+ 36. Kg3 h5 37. Nd4 Nxb4 38. Rc3 Nd5 39. Rc2 Ra4 40.
Ne2 Ra3+ 41. Kf2 h4 42. Rd2 Nf6 43. Rd4 Ra1 44. h3 g3+ 45. Nxg3 hxg3+ 46. Kxg3
Ra2 47. Kf3 Kh6 48. Rd3 Kg5 49. Rb3 Rd2 50. Rb5+ Rd5 51. Rb3 Rc5 52. Kg3 Rc3+
53. Rxc3 Ne4+ 54. Kf3 Nxc3 55. g3 Kf5 56. Ke3 Ne4 57. g4+ Ke5 58. h4 Nf6 59.
Kf3 Nd5 60. Kg3 Ke4 61. Kh3 Kf3 62. g5 Nf4+ 0-1

[Event "Xtracon GM"]
[Site "Borup"]
[Date "2009.09.11"]
[Round "6"]
[White "Bromann, Thorbjorn"]
[Black "Battaglini, Gabriel"]
[Result "1/2-1/2"]
[WhiteElo "2432"]
[BlackElo "2360"]
[PlyCount "80"]
[EventDate "2009.09.04"]
[EventType "swiss"]
[EventRounds "9"]
[EventCountry "DEN"]
[Source "ChessBase"]
[SourceDate "2009.11.03"]

1. e4 e6 2. d4 d5 3. Nc3 Nf6 4. Bg5 dxe4 5. Nxe4 Be7 6. Bxf6 gxf6 7. Nf3 a6 8.
g3 b5 9. Bg2 Bb7 10. Qe2 Nd7 11. O-O O-O 12. Rfd1 f5 13. Ned2 c5 14. a4 Qb6 15.
Ne5 Nxe5 16. Bxb7 Qxb7 17. dxe5 Rad8 18. axb5 axb5 19. c4 Rd4 20. cxb5 Rfd8 21.
Nf1 R8d5 22. Rxd4 cxd4 23. Rd1 Qd7 24. b6 Qb7 25. g4 Qxb6 26. gxf5 exf5 27. Ng3
Qg6 28. Qf3 Qg4 29. Qxg4+ fxg4 30. Nf5 Bc5 31. b4 Bxb4 32. Rxd4 Rxd4 33. Nxd4
Bc3 34. e6 Kf8 35. Ne2 Be5 36. exf7 Kxf7 37. Kg2 Kg6 38. h3 h5 39. hxg4 hxg4
40. f3 gxf3+ 1/2-1/2

[Event "Xtracon GM"]
[Site "Borup"]
[Date "2009.09.11"]
[Round "6"]
[White "Christensen, Casper"]
[Black "Rendboe, John Filip"]
[Result "0-1"]
[WhiteElo "1842"]
[BlackElo "2246"]
[PlyCount "56"]
[EventDate "2009.09.04"]
[EventType "swiss"]
[EventRounds "9"]
[EventCountry "DEN"]
[Source "ChessBase"]
[SourceDate "2009.11.03"]

1. e4 c5 2. Nf3 Nc6 3. d4 cxd4 4. Nxd4 e5 5. Nb5 Nf6 6. N1c3 d6 7. Bg5 a6 8.
Na3 b5 9. Nd5 Be7 10. Nxf6+ Bxf6 11. Be3 O-O 12. c3 Be6 13. Bd3 d5 14. f3 b4
15. Nc2 bxc3 16. bxc3 Qa5 17. Qd2 dxe4 18. fxe4 Rad8 19. O-O Bc4 20. Ne1 Rxd3
21. Nxd3 Rd8 22. Rxf6 gxf6 23. Bh6 Rxd3 24. Qe2 Qc5+ 25. Kh1 Rg3 26. Qd2 Rg6
27. Rb1 Bd3 28. Be3 Qc4 0-1